00674nam a2200217Ia 4500003000400000005001700004008004100021040000700062041000800069082002200077100003000099245005200129250000600181260003500187300001700222650003000239906004800269942001200317999001900329952010800348OSt20230401115256.0210423s1965 xx 000 0 und d cAL aeng a541.36 223bWALC aWALL (Frederick T)981693 aChemical thermodynamics: a course of study Ed 2 a2 aLondonbW H Freeman & Coc1965 aviii,451bHB aPhysical Chemistry981694 aChemical ; course ; study ; thermodynamics: 2ddccBK c169028d169028 001040708GCaSACPGbSACPGd2018-02-28l0o541.36 WALCpPG015530r2022-08-24 00:00:00w2021-04-26yBK